000 00378nam a22001577a 4500
003 macl
005 20150527125927.0
008 150527b xxu||||| |||| 00| 0 eng d
040 _cmacl
082 _a821/SEN
100 _aSengupta,Samir
_945
245 _aEleven Foreign Thinkers on Tagore
260 _aKolkata
_bSapna Sawoo
_c2013
650 _aPoetry
_934
942 _2ddc
_cBK
999 _c49734
_d49734